Hydrobiologie appliquée : comptes rendus des exposés 1977-78 /

Guardado en:
Formato: Libro
Idioma:French
Publicado: Lyon : Cercle des etudiants ENV Lyon, 1979.
Etiquetas: Agregar Etiqueta
Sin Etiquetas, Sea el primero en etiquetar este registro!
LEADER 00449nam a22001215a 4500
001 EEA.libagro004495
005 20181114121747.0
008 130809s1979####fr#a##########000#0#fre#d
082 0 4 |a 639.3 
245 1 0 |a Hydrobiologie appliquée :  |b comptes rendus des exposés 1977-78 /  |c École Nationale Vétérinaire de Lyon. 
260 |a Lyon :  |b Cercle des etudiants ENV Lyon,  |c 1979. 
300 |a 44 p. :  |b il. ;  |c 34 cm. 
859 |a AR-BbBCA  |b BIB. AGRONOMIA  |h 639.3  |i L991  |p 1991/1740